| 000 | 00745nam a2200229Ia 4500 | ||
|---|---|---|---|
| 003 | GCL | ||
| 008 | 140319s9999 xx 000 0 ara d | ||
| 040 |
_aGCL / _cGCL |
||
| 082 | 0 | 4 |
_a350.00318 _bع ن |
| 100 | 1 | _aعلى الباز | |
| 245 | 1 | 0 |
_aنائب رئيس الدولة / _cعلى الباز |
| 260 |
_a[S.N] : _bدار الجامعات المصرية |
||
| 490 |
_aالمكتبة القانونية الخليجية _v0 |
||
| 650 | 0 | 4 | _aالولايات المتحدة الامريكية |
| 650 | 0 | 4 | _aالوطن العربى |
| 650 | 0 | 4 | _aالدبلوماسيون |
| 650 | 0 | 4 | _aالدستور |
| 650 | 0 | 4 | _aالقانون الدستورى |
| 650 | 0 | 4 | _aرجال الدولة |
| 650 | 0 | 4 | _aالحكومات |
| 942 |
_2ddc _cBK |
||
| 999 |
_c55515 _d55515 |
||